| 000 | 00528nam a22001817a 4500 | ||
|---|---|---|---|
| 003 | CEME | ||
| 005 | 20210628202952.0 | ||
| 008 | 210119b xxu||||| |||| 00| 0 eng d | ||
| 020 | _a81-203-1263-5 | ||
| 040 | _c. | ||
| 082 | _a621.3 KOT | ||
| 100 |
_aTheory and problems of basic electrical engineering _962624 |
||
| 245 | _aTHEORY AND PROBLEMS OF BASIC ELECTRICAL ENGINEERING | ||
| 260 |
_aNEW DELHI _bPRENTICE HALL INDIA _c2000 |
||
| 300 | _aVIII,510P | ||
| 650 |
_aBASIC ELECTRICAL ENGINEERING _962625 |
||
| 942 |
_cBK _2ddc |
||
| 999 |
_c571681 _d571681 |
||